Flora de la región de Valparaíso: patrimonio y estado de conservación. Catálogo documentado y fotográfico

Saved in:
Bibliografiske detaljer
Hovedforfatter: Novoa Quezada, Patricio (autor)
Andre forfattere: Matus Ardiles, Mónica
Format: Bog
Sprog:spansk
Udgivet: Valparaíso, Chile Fundación Jardín Botánico Nacional 2013
Valparaíso Consejo Nacional de la Cultura y las Artes 2013
Fag:
Tags: Tilføj Tag
Ingen Tags, Vær først til at tagge denne postø!

MARC

LEADER 00000cam a2200000 a 4500
001 UCD6562
003 CL-VaPUC
005 20250331115725.0
008 161216e20130800cl |||||||||||||||||spa|d
999 |c 366851  |d 366849 
020 |a 9789569295010 
040 |c Pontificia Universidad Católica de Valparaíso 
082 0 4 |a 581.983 NOV 2013  |2 21 
100 |a Novoa Quezada, Patricio  |e autor  |9 590426 
245 1 0 |a Flora de la región de Valparaíso: patrimonio y estado de conservación. Catálogo documentado y fotográfico 
260 0 3 |a Valparaíso, Chile  |b Fundación Jardín Botánico Nacional  |c 2013 
260 |a Valparaíso  |b Consejo Nacional de la Cultura y las Artes  |c 2013 
300 |a 360 páginas 
583 |a last modification  |c 20161216 10:21:00  |k Rodrigo Vera 
650 0 |a Flora nativa chilena  |9 531171 
650 0 |a Vegetación  |9 264748 
650 7 |a BOSQUES NATIVOS  |2 CL-VaPUC  |9 373720 
651 0 |a Región de Valparaíso  |9 581371 
700 0 |a Matus Ardiles, Mónica  |9 590427 
942 |c BK  |2 ddc 
945 |d 20161216 10:21:00  |a arojas 
952 |0 0  |1 0  |2 ddc  |3 erb  |4 0  |6 581_983000000000000_NOV_2013  |7 0  |8 A  |9 481409  |a BIBCUR  |b BIBCUR  |i 5356431  |l 2  |o 581.983 NOV 2013  |p 5356431  |r 2025-04-22  |s 2023-10-04  |t 1  |w 2019-11-24  |y BK  |z Catalogado en:20161216  |k BIO